000 00608nam a22002177a 4500
999 _c9178
_d9178
001 9178
003 BD-JhCC
005 20180310172809.0
008 180310b1993 bg ||||| |||| 00| 0 ben d
035 _a(BD-JhCC)9178
040 _aBD-JhCC
_dBD-JhCC
041 _aben
082 _a928
_bKAU 1993
100 _aকাওসার, ফাতেমা
245 _aকায়কোবাদ /
_c ফাতেমা কাওসার
260 _aঢাকা:
_bবাংলা একাডেমী
_c1993.
300 _a115 p. :
_c22 cm.
650 _aBiography
942 _2ddc
_cBK